| 000 | 01983nam a2200301 4500 | ||
|---|---|---|---|
| 003 | EC-UNACH | ||
| 005 | 20251024170055.0 | ||
| 006 | s||||gr|||| 00| 00 | ||
| 008 | 150116t9999 mx r gr 000 0 spa d | ||
| 020 | _a978-9978-17-317-6 | ||
| 040 |
_aEC-UNACH _cEC-UNACH |
||
| 041 | _aspa | ||
| 082 | 0 | 4 |
_223 _a340.56 _bL017876 |
| 110 | _aEditorial jurídica del Ecuador | ||
| 245 | _aTratados , Convenios y Protocolos sobre la protección de menores | ||
| 250 | _aPrimera edición | ||
| 264 |
_aEcuador _bEditorial jurídica del Ecuador _c2011 |
||
| 300 | _a307 | ||
| 505 | _a- - Tratados , convenios y protocolos - Convención sobre los derechos de los niños - Convención interamericana sobre trafico internacional de menores - Convención interamericana sobre la restitución internacional de menores - Convenio sobre aspectos civiles de la sustracción internacional de menores - Convención de las naciones unidas contra la delincuencia organizada transnacional - Protocolos - Protocolo facultativo de la convención sobre los derechos del niño relativo a la participación de niños en los conflictos armados - Protocolo para prevenir reprimir y sancionar la trata de personas especialmente mujeres niños que complementa la convención de las naciones unidas contra la delincuencia organizada transnacional - Convenios internacionales de protección al trabajo infantil - Convenio relativo al examen medico de aptitud para el empleo de los menores en trabajos no industriales - Convenio sobre la abolición del trabajo forzoso - Convenio sobre la edad mínima de admisión al empleo - Convenio sobre las peores formas de trabajo infantil. | ||
| 650 | _aNormas generales | ||
| 650 | _aAutoridad central | ||
| 650 | _aProtección de las victimas de la trata de personas | ||
| 700 | _aEditorial jurídica del Ecuador | ||
| 942 |
_2ddc _c1 |
||
| 999 | _c14085 | ||